Description des fossiles du Néocomien Supérieur de Utrillas et ses environs (province de Teruel) / (Registro nro. 167334)

Detalles MARC
000 -LEADER
campo de control de longitud fija 01040nam a2200205 i 4500
001 - NÚMERO DE CONTROL
campo de control 167334
003 - IDENTIFICADOR DE NÚMERO DE CONTROL
campo de control ES-MaACL
005 - FECHA Y HORA DE LA ÚLTIMA TRANSACCIÓN
campo de control 20250818063114.0
008 - DATOS DE LONGITUD FIJA--INFORMACIÓN GENERAL
campo de control de longitud fija 050922s1868 fr f |||| | fre d
100 1# - ENTRADA PRINCIPAL--NOMBRE DE PERSONA
Nombre de persona Verneuil, Édouard de,
Fechas asociadas al nombre 1805-1873
9 (RLIN) 114176
245 10 - MENCIÓN DEL TÍTULO
Título Description des fossiles du Néocomien Supérieur de Utrillas et ses environs (province de Teruel) /
Mención de responsabilidad, etc. par E. de Verneuil et G. de Lorière.
246 35 - FORMA VARIANTE DEL TITULO
Título propio/Titulo breve Matériaux pour la paléontologie de l'Espagne
260 ## - PUBLICACIÓN, DISTRIBUCIÓN, ETC.
Lugar de publicación, distribución, etc. Le Mans :
Nombre del editor, distribuidor, etc. Imp. Edmond Monnoyer,
Fecha de publicación, distribución, etc. 1868.
300 ## - DESCRIPCIÓN FÍSICA
Extensión 30 p., 3 h. de lám. ;
Dimensiones 28 cm.
650 #4 - PUNTO DE ACCESO ADICIONAL DE MATERIA--TÉRMINO DE MATERIA
Término de materia o nombre geográfico como elemento de entrada Fósiles-
Subdivisión geográfica Teruel.
9 (RLIN) 136154
700 1# - ENTRADA AGREGADA--NOMBRE PERSONAL
Nombre de persona Lorière, Gustav de.
9 (RLIN) 74210
852 ## - LOCALIZACIÓN
Ubicación ES-MaACL
Número de control de estantería T-1088-F-16
Nota libre - Enc. hol., conservando cub. original
-- .- Legado de Federico de Botella y de Hornos
-- - Enc. en un vol. facticio
852 ## - LOCALIZACIÓN
Ubicación ES-MaACL
Número de control de estantería L-32448(12)
Nota libre - Enc. cart.
-- . - Legado Federico de Botella y de Hornos
-- - Enc. en un vol. facticio, con tít. en el lomo de: España, geología: memorias varias, 1
Existencias
Estatus retirado Estado de pérdida Estado de daño No para préstamo Colección Biblioteca de origen Biblioteca actual Ubicación en estantería Fecha de adquisición Total de préstamos Signatura topográfica completa Código de barras Visto por última vez Precio de reemplazo Tipo de ítem Koha Fuente de adquisición
        Colección de folletos Biblioteca del Ateneo de Madrid Biblioteca del Ateneo de Madrid Depósito folletos 17/01/2008   T-1088-F-16 1175540 23/02/2023 23/02/2023 Folleto  
        Libros del s. XIX Biblioteca del Ateneo de Madrid Biblioteca del Ateneo de Madrid Depósito 2 20/06/2019   L-32448(12) 1200890 23/02/2023 23/02/2023 Libro impreso antiguo